000 03524nam a22003377a 4500
003 UA-OsUOA
001 124006
007 ta
008 20170720b un ||||| |||| 00| 0 ukr d
100 _aЮжанин В. Е.
700 _aАрмашова А. В.
090 _a343.23(470+571)
_bЮ17
942 _cBK
040 _aUA-OsUOA
_brus
_cUA-OsUOA
_dUA-OsUOA
245 _aПроблемы рецидива преступлений и ответственности за него по уголовному праву России
_bмонография
300 _a192 с.
955 _a1
041 _arus
080 _a343.23(470+571)
020 _a978-5-93295-269-6
520 3 _aецидива преступлений . . . . . . . . . . . . . . . . . . . . . . . 491.4. История формирования понятия "рецидив преступлений" и ответственностиза него по российскому праву . . . . . . . . . . . . . . . . . . . . . . . . .69Глава 2. Ответственнос
520 3 _aецидива преступлений . . . . . . . . . . . . . . . . . . . . . . . 491.4. История формирования понятия "рецидив преступлений" и ответственностиза него по российскому праву . . . . . . . . . . . . . . . . . . . . . . . . .69Глава 2. Ответственнос
520 3 _aецидива преступлений . . . . . . . . . . . . . . . . . . . . . . . 491.4. История формирования понятия "рецидив преступлений" и ответственностиза него по российскому праву . . . . . . . . . . . . . . . . . . . . . . . . .69Глава 2. Ответственнос
520 3 _aецидива преступлений . . . . . . . . . . . . . . . . . . . . . . . 491.4. История формирования понятия "рецидив преступлений" и ответственностиза него по российскому праву . . . . . . . . . . . . . . . . . . . . . . . . .69Глава 2. Ответственнос
520 3 _aецидива преступлений . . . . . . . . . . . . . . . . . . . . . . . 491.4. История формирования понятия "рецидив преступлений" и ответственностиза него по российскому праву . . . . . . . . . . . . . . . . . . . . . . . . .69Глава 2. Ответственнос
520 3 _aецидива преступлений . . . . . . . . . . . . . . . . . . . . . . . 491.4. История формирования понятия "рецидив преступлений" и ответственностиза него по российскому праву . . . . . . . . . . . . . . . . . . . . . . . . .69Глава 2. Ответственнос
520 3 _aецидива преступлений . . . . . . . . . . . . . . . . . . . . . . . 491.4. История формирования понятия "рецидив преступлений" и ответственностиза него по российскому праву . . . . . . . . . . . . . . . . . . . . . . . . .69Глава 2. Ответственнос
260 _aМ.
_bЮрлитинформ
_c2007
650 7 _a343 Кримінальне право. Карні порушення
_2UDC
999 _c411211
_d411211